[Event "Moehnesee Cup-B"]
[Site "Moehnesee"]
[Date "2005.08.21"]
[Round "7"]
[White "Dammann, Joerg"]
[Black "Vonhoff, Joerg"]
[Result "0-1"]
[WhiteElo "1334"]
[BlackElo "1508"]
[PlyCount "74"]
[EventDate "2005.08.18"]
[EventType "swiss"]
[EventRounds "7"]
[EventCountry "GER"]
[SourceTitle "CBM 108 Extra"]
[Source "ChessBase"]
[SourceDate "2005.11.04"]
[SourceVersion "1"]
[SourceVersionDate "2005.11.04"]
[SourceQuality "1"]

1. Nf3 Nf6 2. g3 g6 3. Bg2 Bg7 4. 0-0 0-0 5. d3 c6 6. e4 Na6 7. e5 Nd5 8. Re1 d6 9. d4 Nb6 10. Bf1 Nc7 11. c3 Bg4 12. Bg2 dxe5 13. dxe5 Qxd1 14. Rxd1 Bxf3 15. Bxf3 Bxe5 16. Re1 Bf6 17. Nd2 e6 18. Ne4 Bg7 19. Nd6 Rab8 20. Be3 Rfd8 21. Red1 Ncd5 22. Bc5 Bf8 23. Bxb6 Nxb6 24. Ne4 Nc4 25. b3 Ne5 26. Bg2 Be7 27. f4 Ng4 28. Re1 e5 29. h3 Nf6 30. Ng5 Bc5+ 31. Kf1 Rd2 32. Re2 Rbd8 33. fxe5 Rxe2 34. Kxe2 Re8 35. Kd3 Rxe5 36. b4 Bb6 37. a4 Re3+ 0-1

[Event "Moehnesee Cup-B"]
[Site "Moehnesee"]
[Date "2005.08.21"]
[Round "6"]
[White "Weber, Andre"]
[Black "Dammann, Joerg"]
[Result "1/2-1/2"]
[WhiteElo "1521"]
[BlackElo "1334"]
[PlyCount "52"]
[EventDate "2005.08.18"]
[EventType "swiss"]
[EventRounds "7"]
[EventCountry "GER"]
[SourceTitle "CBM 108 Extra"]
[Source "ChessBase"]
[SourceDate "2005.11.04"]
[SourceVersion "1"]
[SourceVersionDate "2005.11.04"]
[SourceQuality "1"]

1. e4 d6 2. d4 Nf6 3. Nc3 c6 4. Nf3 Qa5 5. Bd2 Qb6 6. Rb1 Bg4 7. Be3 Qc7 8. Be2 Nbd7 9. a4 a5 10. h3 Bxf3 11. Bxf3 e5 12. d5 Be7 13. g4 h6 14. Qd2 Qd8 15. h4 Ng8 16. h5 Ngf6 17. Ke2 Nh7 18. Bg2 Ng5 19. dxc6 bxc6 20. Rbf1 0-0 21. f4 exf4 22. Bxf4 Ne5 23. Bxe5 dxe5 24. Qe3 Rb8 25. b3 Qc7 26. Rd1 Rfd8 1/2-1/2